00939nam a2200205Ia 4500008004100000020003600041020004100077050001900118082001700137100003700154245014500191260016600336300003800502500003000540504002800570650003300598650002500631700004500656700003200701180829s2013 xx 000 0 spa d a9786074778731 UAM - Cuajimalpa a9786077111269 Juan Pablos Editores aBV4597.52bF47 4a302.22F390c1 aFernández Christlieb, Fátima13aLa comunicación humana en tiempos de lo digitalc / Fátima Fernández Chrislieb, Marco Antonio Millán Campuzano, Marta Rizo García  aMéxicob : Universidad Autónoma Metropolitana, Unidad Cuajimalpa : Juan Pablos Editor : Asociación Mexicana de Investigadores de la Comunicaciónc , 2013 a131 páginas b : ilustraciones  aReimpresiones: (1a, 2014) aBibliografía (p. 120)14aCOMUNICACIÓN INTERPERSONAL24aINTERACCIÓN SOCIAL1 aMillán Campuzano, Marco Antonioeautor1 aRizo García, Martaeautor